| 000 | 00430pab a2200157 454500 | ||
|---|---|---|---|
| 008 | 180718b2004 xxu||||| |||| 00| 0 eng d | ||
| 100 | _aSchmidt, Martin B. | ||
| 245 | _aThe impact of labor strikes on consumer demand: an application to professional sports | ||
| 260 | _c2004 | ||
| 300 | _ap.344-57. | ||
| 362 | _aMar | ||
| 650 | _aStrikes | ||
| 700 | _aBerri, David J. | ||
| 773 | _aAmerican Economic Review | ||
| 909 | _a60239 | ||
| 999 |
_c60239 _d60239 |
||